[Event "Moscow Open A 2015"]
[Site "Moscow RUS"]
[Date "2015.02.08"]
[Round "9.80"]
[White "Ozolin, Maxim"]
[Black "Kuprijanov, Anatoly"]
[Result "1/2-1/2"]
[WhiteTitle "IM"]
[WhiteElo "2394"]
[BlackElo "2248"]
[WhiteFideId "4133340"]
[BlackFideId "24141143"]
[EventDate "2015.01.31"]

1. e4 c5 2. Nf3 d6 3. d4 cxd4 4. Nxd4 Nf6 5. Nc3 a6 6. Bg5 e6 7. f4 h6 8. Bh4
Be7 9. Qf3 Qc7 10. Bf2 b5 11. Bd3 b4 12. Nce2 Bb7 13. a3 bxa3 14. O-O axb2 15.
Rab1 Nbd7 16. Rxb2 O-O 17. Rfb1 Rfb8 18. Ng3 Nc5 19. Re1 Nxd3 20. cxd3 a5 21.
Rc2 Qd7 22. Nf1 Rc8 23. Rd2 e5 24. Ne2 d5 25. fxe5 Ng4 26. e6 Qxe6 27. Nd4 Qd7
28. Nf5 Nxf2 29. Rxf2 Bf8 30. Qg4 Qe6 31. exd5 Qg6 32. Qe4 Rd8 33. N1e3 Re8 34.
Qd4 Rad8 35. Rb1 Ba8 36. Rb6 Rxd5 37. Qa4 Qxb6 38. Qxe8 Qd8 39. Nxh6+ Kh7 40.
Qxf7 Bc5 41. Nhf5 Qf6 42. Qh5+ Kg8 43. Qe8+ Kh7 44. Qh5+ Kg8 45. Qe8+ Kh7 46.
Qh5+ 1/2-1/2

[Event "Moscow Open A 2015"]
[Site "Moscow RUS"]
[Date "2015.02.08"]
[Round "9.81"]
[White "Akhmetov, Ayan"]
[Black "Tarasov, Oleg"]
[Result "1-0"]
[WhiteTitle "IM"]
[WhiteElo "2376"]
[BlackElo "2247"]
[WhiteFideId "13703706"]
[BlackFideId "4162870"]
[EventDate "2015.01.31"]

1. g3 d5 2. Bg2 Nf6 3. Nf3 c6 4. b3 Bg4 5. O-O Nbd7 6. Bb2 e6 7. c4 Bd6 8. d4
Bf5 9. Nc3 Ne4 10. Nd2 Nxc3 11. Bxc3 O-O 12. e4 dxe4 13. Nxe4 Bxe4 14. Bxe4 Nf6
15. Bg2 Rc8 16. Re1 Be7 17. Qd2 Qd7 18. Rad1 Rfe8 19. h3 Rcd8 20. Kh1 Qc7 21. g4
h6 22. Qe3 a5 23. Qf3 Bb4 24. Bxb4 axb4 25. h4 Nh7 26. Qe3 Qe7 27. Qg3 g5 28.
hxg5 hxg5 29. Be4 Nf6 30. Bb1 Qd6 31. Re5 Kf8 32. Kg2 c5 33. Rxc5 Qxc5 34. dxc5
Rxd1 35. Bd3 Rd8 36. Be2 Ne4 37. Qe5 R1d4 38. Bf3 Ke7 39. c6 Nf6 40. Qc7+ 1-0

[Event "Moscow Open A 2015"]
[Site "Moscow RUS"]
[Date "2015.02.08"]
[Round "9.82"]
[White "Sattarov, Bobir"]
[Black "Bazeev, German"]
[Result "1/2-1/2"]
[WhiteElo "2243"]
[BlackElo "2374"]
[WhiteFideId "14203081"]
[BlackFideId "24119350"]
[EventDate "2015.01.31"]

1. d4 Nf6 2. Nc3 d5 3. Bg5 c6 4. Qd3 g6 5. f3 Bg7 6. e4 O-O 7. O-O-O b5 8. e5
Nfd7 9. Qd2 f6 10. exf6 exf6 11. Bh6 Nb6 12. h4 Na6 13. g4 b4 14. Nb1 Nc4 15.
Bxc4 dxc4 16. Bxg7 Kxg7 17. Re1 Qd6 18. Qe3 Nc7 19. Qe7+ Qxe7 20. Rxe7+ Rf7 21.
Rxf7+ Kxf7 22. Nd2 Ne6 23. Ne2 Ba6 24. c3 Rd8 25. Ne4 bxc3 26. bxc3 Bb5 27. h5
Kg7 28. Kd2 c5 29. Ke3 cxd4+ 30. cxd4 f5 31. gxf5 gxf5 32. Rg1+ Kf7 33. N4c3 Bc6
34. Rd1 Nc7 35. Nf4 Re8+ 36. Kf2 Nb5 37. Nce2 Rb8 38. Rg1 Nd6 39. h6 Rg8 40.
Rxg8 Kxg8 41. Ke3 Nf7 42. d5 Bd7 43. Kd4 Nxh6 44. Kxc4 Kf7 45. Kc5 Ke7 46. Nd4
Nf7 47. d6+ Kd8 48. Kd5 Ng5 49. Nfe6+ Nxe6 50. Nxe6+ Bxe6+ 51. Kxe6 f4 52. a4 a5
53. Kf6 Kd7 54. Ke5 h6 55. Kxf4 Kxd6 56. Kf5 h5 57. f4 Kd5 58. Kg5 Ke6 59. Kg6
h4 60. f5+ Kd7 61. f6 h3 62. f7 h2 63. f8=Q h1=Q 64. Qf5+ Kd6 65. Qxa5 Qe4+ 66.
Kf6 Qf4+ 67. Kg6 Qe4+ 68. Kf6 Qf4+ 69. Kg6 Qe4+ 70. Kf6 1/2-1/2

[Event "Moscow Open A 2015"]
[Site "Moscow RUS"]
[Date "2015.02.08"]
[Round "9.84"]
[White "Mamyrbay, Assad"]
[Black "Rozhko, Dmitry"]
[Result "1-0"]
[BlackTitle "FM"]
[WhiteElo "2152"]
[BlackElo "2354"]
[WhiteFideId "13708880"]
[BlackFideId "4150430"]
[EventDate "2015.01.31"]

1. e4 c6 2. d4 d5 3. Nc3 g6 4. Nf3 Bg7 5. h3 Nh6 6. Bf4 f6 7. e5 Nf7 8. exf6
exf6 9. Bd3 Qe7+ 10. Qe2 Nd7 11. O-O Qxe2 12. Nxe2 Nf8 13. Rfe1 Be6 14. a4 Kd7
15. a5 g5 16. Bd2 h5 17. Ng3 g4 18. hxg4 hxg4 19. Nh2 Bh6 20. Bxh6 Nxh6 21. Nh5
f5 22. Nf4 Bf7 23. Re5 g3 24. fxg3 Re8 25. Bxf5+ Kd6 26. Rxe8 Bxe8 27. Bd3 Rg8
28. Kf2 Bd7 29. c3 Ne6 30. Nxe6 Bxe6 31. Re1 b6 32. axb6 axb6 33. Ra1 Rb8 34.
Ra7 c5 35. Nf3 Ng4+ 36. Ke2 Re8 37. Kd2 c4 38. Bc2 Rg8 39. Rb7 Kc6 40. Rh7 Kd6
41. Rh5 Nf6 42. Rh6 Ke7 43. Rg6 Ra8 44. Rg7+ Kd6 45. Ne5 Ra1 46. Rb7 Ra6 47.
Nf7+ Bxf7 48. Rxf7 Ke6 49. Rb7 Ne8 50. g4 Nd6 51. Rb8 b5 52. g5 Ra1 53. Ke3 Rc1
54. Bh7 Rh1 55. g6 Nf5+ 56. Kf2 Rd1 57. g4 1-0

[Event "Moscow Open A 2015"]
[Site "Moscow RUS"]
[Date "2015.02.08"]
[Round "9.85"]
[White "Fakhrutdinov, Timur"]
[Black "Kruzhilin, Aleksey"]
[Result "1-0"]
[WhiteTitle "FM"]
[WhiteElo "2352"]
[BlackElo "2141"]
[WhiteFideId "24176702"]
[BlackFideId "24177547"]
[EventDate "2015.01.31"]

1. e4 e5 2. Nf3 Nc6 3. Bc4 Bc5 4. c3 Nf6 5. d4 exd4 6. cxd4 Bb4+ 7. Bd2 Bxd2+ 8.
Nbxd2 d5 9. exd5 Nxd5 10. O-O O-O 11. Rc1 Nce7 12. Re1 c6 13. Ne4 Bg4 14. h3 Bh5
15. Nc5 Rb8 16. g4 Bg6 17. Ne5 Re8 18. Qb3 Qb6 19. Ned7 Qxb3 20. Bxb3 Rbd8 21.
Bxd5 Nxd5 22. Nxb7 Ra8 23. Rxe8+ Rxe8 24. Ne5 Nf4 25. Rxc6 Be4 26. Rc7 Nxh3+ 27.
Kh2 Nxf2 28. Nd6 Rb8 29. Kg3 Nh1+ 30. Kf4 Bd5 31. b3 f6 32. Nd3 g5+ 33. Ke3 Ng3
34. Nc5 Rd8 35. Nd7 Kg7 36. Nb6+ Kh6 37. Nxd5 Rxd6 38. Ne7 f5 39. Nxf5+ Nxf5+
40. gxf5 Ra6 41. a4 Rb6 42. Rc3 Kh5 43. Ke4 Kg4 44. Ke5 h5 45. f6 h4 46. f7 Rb8
47. Kf6 h3 48. Rc5 h2 49. Rxg5+ Kh4 50. Rg6 Rb6+ 51. Kg7 Rxg6+ 52. Kxg6 h1=Q 53.
f8=Q Qg1+ 54. Kh7 Qb1+ 55. Kh8 Qxb3 56. Qf4+ Kh3 57. Qf5+ Kg2 58. Qe4+ Kf2 59.
d5 Qb8+ 60. Kg7 Qc7+ 61. Kf6 Qd8+ 62. Kg7 Qg5+ 63. Kf7 Qh5+ 64. Ke7 Qg5+ 65. Ke8
Qh5+ 66. Kd7 Qh3+ 67. Qe6 Qb3 68. Qc6 Ke3 69. Kc7 Kd4 70. d6 1-0

[Event "Moscow Open A 2015"]
[Site "Moscow RUS"]
[Date "2015.02.08"]
[Round "9.86"]
[White "Dovletov, Hajugurban"]
[Black "Tenikashvili, Georgij"]
[Result "1/2-1/2"]
[BlackTitle "FM"]
[WhiteElo "2097"]
[BlackElo "2348"]
[WhiteFideId "14003600"]
[BlackFideId "4134605"]
[EventDate "2015.01.31"]

1. d4 d5 2. Nf3 Nf6 3. Bg5 Ne4 4. Bf4 c5 5. c3 Nc6 6. e3 h6 7. Nbd2 g5 8. Bg3
Bg7 9. Nxe4 dxe4 10. Nd2 cxd4 11. cxd4 Bf5 12. Be2 O-O 13. Nc4 b5 14. Nd2 Qb6
15. O-O e5 16. Qb3 exd4 17. Qxb5 dxe3 18. Qxb6 axb6 19. fxe3 Bxb2 20. Rab1 Bc3
21. Rxf5 Bxd2 22. Kf2 Rxa2 23. Rxb6 Ne7 24. Re5 Ra3 25. Rb1 Bxe3+ 26. Kf1 Ng6
27. Rxe4 Bf4 28. Bf2 Rfa8 29. g3 Ra1 30. Rxa1 Rxa1+ 31. Kg2 Be5 32. Bh5 Ra5 33.
Bxg6 fxg6 34. Bd4 Bxd4 35. Rxd4 Rf5 36. Rd7 Rf7 37. Rd6 Kg7 38. Ra6 g4 39. Rb6 1/2-1/2

[Event "Moscow Open A 2015"]
[Site "Moscow RUS"]
[Date "2015.02.08"]
[Round "9.87"]
[White "Atabayev, Saparmyrat"]
[Black "Amangeldiyev, Gurbangeldi, "]
[Result "1-0"]
[WhiteTitle "FM"]
[WhiteElo "2332"]
[BlackElo "2153"]
[WhiteFideId "14000571"]
[BlackFideId "14002302"]
[EventDate "2015.01.31"]

1. e4 e6 2. d4 b6 3. Bd3 Bb7 4. Ne2 c5 5. Nbc3 cxd4 6. Nxd4 Nc6 7. Be3 Nf6 8.
O-O Be7 9. Kh1 h5 10. h3 Qb8 11. Kg1 Bd6 12. Nxc6 dxc6 13. f4 e5 14. f5 Qc7 15.
a4 a6 16. Qe2 b5 17. Rfd1 Be7 18. Qf2 O-O 19. Bb6 Qc8 20. Bc5 Qc7 21. Bb6 Qc8
22. Qf3 c5 23. Nd5 Bxd5 24. exd5 c4 25. Be2 Bd6 26. Be3 Re8 27. Qf2 Qc7 28. Kh1
Qb7 29. Qh4 bxa4 30. Rxa4 Qxb2 31. Rxc4 Rac8 32. Bc1 Qb7 33. Bg5 Nd7 34. Qxh5
Rxc4 35. Bxc4 Rc8 36. Qe2 Qc7 37. Bxa6 Rb8 38. Bb5 Nc5 39. f6 g6 40. c4 e4 41.
Be3 Be5 42. Rf1 Nb7 43. c5 Qd8 44. d6 Nxd6 45. cxd6 Qxd6 46. Bc4 Rc8 47. Qa2 Qc7
48. Bd5 Bc3 49. Bxe4 Qc4 50. Qxc4 Rxc4 51. Bxg6 1-0

[Event "Moscow Open A 2015"]
[Site "Moscow RUS"]
[Date "2015.02.08"]
[Round "9.88"]
[White "Velichko, Arseny"]
[Black "Gerasimov, Ivan"]
[Result "0-1"]
[BlackTitle "FM"]
[WhiteElo "2118"]
[BlackElo "2327"]
[WhiteFideId "24179752"]
[BlackFideId "4196562"]
[EventDate "2015.01.31"]

1. d4 Nf6 2. c4 e6 3. Nf3 Bb4+ 4. Bd2 c5 5. Bxb4 cxb4 6. g3 O-O 7. Bg2 d6 8. O-O
Qc7 9. Nbd2 e5 10. a3 bxa3 11. Rxa3 Nc6 12. d5 Nb4 13. Ne1 Bd7 14. Nd3 Nxd3 15.
Rxd3 a5 16. e4 b5 17. b3 a4 18. bxa4 bxa4 19. Qc2 Qc5 20. Ra1 Rab8 21. Rb1 Rfc8
22. Rxb8 Rxb8 23. Qa2 Rb4 24. h3 Ne8 25. Bf1 Nc7 26. Ra3 h6 27. Qc2 Na6 28. Qc3
Rb8 29. Be2 Qb4 30. Qe3 Nc5 31. Bd1 Qb2 32. Qc3 Qxc3 33. Rxc3 Rb2 34. Rc2 Rxc2
35. Bxc2 Bxh3 36. Nb1 Bd7 37. Kf1 Kf8 38. Ke2 h5 39. f4 f6 40. f5 g5 41. Ke3 Ke7
42. Bd1 Be8 43. Na3 Kd8 44. Nc2 Kc7 45. Nb4 Kb6 46. Bf3 Na6 47. Na2 Kc5 48. Nc1
Kb4 49. Nd3+ Kc3 50. c5 Nxc5 51. Nxc5 dxc5 52. d6 g4 0-1

[Event "Moscow Open A 2015"]
[Site "Moscow RUS"]
[Date "2015.02.08"]
[Round "9.89"]
[White "Galaktionov, Artem"]
[Black "Demianjuk, Alexander"]
[Result "0-1"]
[WhiteElo "2081"]
[BlackElo "2327"]
[WhiteFideId "24175471"]
[BlackFideId "4134249"]
[EventDate "2015.01.31"]

1. d4 Nf6 2. Nf3 c5 3. d5 b5 4. c4 Qa5+ 5. Bd2 b4 6. Bf4 g6 7. Nbd2 Bg7 8. Qc1
d6 9. e4 Nbd7 10. h3 O-O 11. Be2 Qb6 12. O-O a5 13. a4 e5 14. dxe6 fxe6 15. Ng5
Nb8 16. Bf3 e5 17. Be3 h6 18. h4 hxg5 19. hxg5 Ne8 20. g3 Nc6 21. Kg2 Nd4 22.
Bd1 Nc7 23. f3 Nce6 24. f4 Bb7 25. Bg4 exf4 26. gxf4 Rf7 27. Qb1 Raf8 28. Kg3
Nxf4 29. e5 dxe5 30. Bxd4 exd4 31. Ne4 d3 32. Nf6+ Bxf6 33. gxf6 Qxf6 34. Qe1
Ne2+ 35. Bxe2 Qe5+ 36. Kg4 Bc8+ 0-1

[Event "Moscow Open A 2015"]
[Site "Moscow RUS"]
[Date "2015.02.08"]
[Round "9.90"]
[White "Aliyev, Ravan"]
[Black "Yeletsky, Ivan"]
[Result "0-1"]
[BlackTitle "FM"]
[WhiteElo "2070"]
[BlackElo "2315"]
[WhiteFideId "13409980"]
[BlackFideId "24180327"]
[EventDate "2015.01.31"]

1. d4 d5 2. Nc3 Nf6 3. Bg5 Nbd7 4. Qd2 h6 5. Bf4 c6 6. f3 Nh5 7. Be5 f6 8. Bg3
Nxg3 9. hxg3 e5 10. e3 Bb4 11. a3 Bd6 12. O-O-O Qe7 13. Nge2 Nb6 14. Ng1 Bf5 15.
dxe5 Bxe5 16. g4 Bg6 17. f4 Bd6 18. f5 Bf7 19. Nf3 O-O-O 20. Bd3 Bxa3 21. bxa3
Qxa3+ 22. Kb1 d4 23. Nxd4 Na4 0-1

[Event "Moscow Open A 2015"]
[Site "Moscow RUS"]
[Date "2015.02.08"]
[Round "9.92"]
[White "Gurvich, Vitaly"]
[Black "Demin, Alexandr"]
[Result "0-1"]
[BlackTitle "IM"]
[WhiteElo "2216"]
[BlackElo "2410"]
[WhiteFideId "24164852"]
[BlackFideId "4152921"]
[EventDate "2015.01.31"]

1. d4 Nf6 2. c4 c5 3. d5 b5 4. Nd2 g6 5. e4 d6 6. cxb5 Qa5 7. Qc2 a6 8. b4 Qd8
9. bxc5 dxc5 10. Bb2 Bg7 11. Ngf3 O-O 12. b6 Qxb6 13. Nc4 Qa7 14. Be2 e6 15. d6
Bb7 16. Bd3 Nc6 17. a3 Rac8 18. Qe2 Nd4 19. Nxd4 cxd4 20. f3 Nd7 21. f4 e5 22.
fxe5 Nxe5 23. Nxe5 Bxe5 24. d7 Rc7 25. O-O Rxd7 26. Qf2 Qb8 27. g3 Qa8 28. Rae1
Bc6 29. Qc2 Bb5 30. Bxb5 axb5 31. Qc5 Qb8 32. Rc1 Re8 33. Rf3 Rc7 34. Qd5 Rd8
35. Qb3 Rxc1+ 36. Bxc1 Qc7 37. Bg5 Rb8 38. Qd5 Rb7 39. Bd8 Qb8 40. Qc6 Bg7 41.
Ba5 h5 42. Bb4 Rc7 43. Qd5 Qe8 44. Bd6 Rc3 45. Rf2 Qe6 46. Kg2 h4 47. Qxe6 fxe6
48. e5 d3 49. Kf3 hxg3 50. hxg3 Bh6 51. Bb4 Rc2 52. Rf1 Rc1 53. Rf2 Bf8 54. Bxf8
Kxf8 55. Ke3+ Ke7 56. Kxd3 Ra1 57. Rh2 Rxa3+ 58. Ke4 Rxg3 59. Rh7+ Kf8 60. Kf4
Rg1 61. Rb7 Rf1+ 62. Kg5 Rf7 63. Rb6 Kg7 64. Rxe6 Rf5+ 65. Kg4 Kf7 66. Rb6 Rxe5
67. Kf4 Rc5 68. Rb7+ Kf6 69. Rb6+ Kg7 70. Kg4 Kh6 71. Kh4 Rc4+ 72. Kg3 b4 73.
Rb5 g5 74. Rb8 g4 75. Kh4 Kg6 76. Rb6+ Kf5 77. Rb5+ Ke6 78. Kg3 Kd6 79. Rb8 Kc7
80. Rb5 Kc6 81. Rb8 Rd4 82. Kf2 Re4 0-1

[Event "Moscow Open A 2015"]
[Site "Moscow RUS"]
[Date "2015.02.08"]
[Round "9.93"]
[White "Martirosyan, Haik M."]
[Black "Ivlev, Aleksey"]
[Result "0-1"]
[WhiteTitle "FM"]
[WhiteElo "2389"]
[BlackElo "2231"]
[WhiteFideId "13306553"]
[BlackFideId "24185949"]
[EventDate "2015.01.31"]

1. d4 Nf6 2. c4 c5 3. d5 e5 4. Nc3 d6 5. e4 g6 6. g3 Bg7 7. Bg2 O-O 8. Nge2 a6
9. a4 Nbd7 10. O-O Rb8 11. h3 Ne8 12. Kh2 f5 13. f4 Ndf6 14. exf5 gxf5 15. Qc2
e4 16. Bd2 b5 17. axb5 axb5 18. Qb3 Bd7 19. Nxb5 Nxd5 20. Ba5 Qf6 21. Rad1 Ndc7
22. Nec3 Qf7 23. Qc2 Nxb5 24. cxb5 Bxb5 25. Rf2 Bc4 26. Ra1 d5 27. Na4 Bd4 28.
Rd2 Bb3 29. Qc1 Qa7 30. Rxd4 cxd4 31. Nc5 Rc8 32. Bb4 Qb6 33. Ba3 Nd6 34. Bf1
Nb7 0-1

[Event "Moscow Open A 2015"]
[Site "Moscow RUS"]
[Date "2015.02.08"]
[Round "9.94"]
[White "Tleptsok, Ruslan"]
[Black "Rodchenkov, Vitaly"]
[Result "0-1"]
[BlackTitle "FM"]
[WhiteElo "2226"]
[BlackElo "2356"]
[WhiteFideId "24104485"]
[BlackFideId "4152964"]
[EventDate "2015.01.31"]

1. e4 c5 2. Nf3 Nc6 3. c3 d5 4. exd5 Qxd5 5. d4 Nf6 6. Be2 e6 7. O-O cxd4 8.
cxd4 Be7 9. Nc3 Qd8 10. Be3 O-O 11. Ne5 Nb4 12. a3 Nbd5 13. Bd3 b6 14. Nc6 Qd6
15. Nxe7+ Qxe7 16. Bg5 Bb7 17. Re1 Qd6 18. Ne4 Nxe4 19. Bxe4 Rac8 20. Qh5 f5 21.
Bf3 Rf7 22. Re2 h6 23. Be3 Nf6 24. Qh3 Bxf3 25. Qxf3 Qd5 26. Qxd5 Nxd5 27. g3
Rfc7 28. Bf4 Rc6 29. Be5 Kf7 30. h4 b5 31. Kg2 a5 32. h5 Rc2 33. Rae1 a4 34. Bd6
Rxe2 35. Rxe2 Rc6 36. Bc5 Nf6 37. b3 axb3 38. Rb2 Ne4 39. Rxb3 Nxc5 40. Rc3 e5
41. dxc5 Ke6 42. Kf3 Kd5 43. Rd3+ Kxc5 44. Rd7 Ra6 45. Rc7+ Kd4 46. Rd7+ Kc4 47.
Rc7+ Kb3 48. g4 fxg4+ 49. Ke4 Kxa3 50. Rxg7 b4 51. Rg6 Ra4 52. Rxh6 b3+ 53. Kd3
b2 54. Rb6 Rb4 55. Rxb4 Kxb4 56. Kc2 Ka3 57. Kb1 e4 58. h6 e3 59. fxe3 g3 0-1

[Event "Moscow Open A 2015"]
[Site "Moscow RUS"]
[Date "2015.02.08"]
[Round "9.95"]
[White "Feduk, Viktor"]
[Black "Yanchenko, Roman"]
[Result "0-1"]
[BlackTitle "FM"]
[WhiteElo "2112"]
[BlackElo "2345"]
[WhiteFideId "4173368"]
[BlackFideId "4137329"]
[EventDate "2015.01.31"]

1. e4 d5 2. exd5 Qxd5 3. Nc3 Qa5 4. Nf3 Nf6 5. d4 c6 6. Be2 Bf5 7. O-O e6 8. Bf4
Nbd7 9. a3 Be7 10. Nd2 Qd8 11. Bf3 O-O 12. Re1 Nd5 13. Nxd5 cxd5 14. c4 Nf6 15.
Qb3 b6 16. Rac1 dxc4 17. Nxc4 Nd5 18. Bg3 Rc8 19. Ne3 Nxe3 20. fxe3 Qd7 21. e4
Rxc1 22. Rxc1 Bxe4 23. Rc7 Qxd4+ 24. Bf2 Qd8 25. Rxa7 Bxf3 26. gxf3 Bc5 27. Bxc5
bxc5 28. Qb7 g6 29. a4 Kg7 30. a5 Qg5+ 31. Kf2 Qf4 32. Qc7 Qf6 33. Rb7 Rd8 34.
Qxc5 Qh4+ 35. Ke3 Qe1+ 36. Kf4 Rd5 37. Qc3+ e5+ 38. Kg4 Rd4+ 39. Kh3 Qf1+ 40.
Kg3 Qg1+ 41. Kh3 Rh4+ 42. Kxh4 Qxh2+ 43. Kg4 Qg2+ 44. Kh4 g5+ 45. Kh5 Qh3+ 46.
Kxg5 h6# 0-1

[Event "Moscow Open A 2015"]
[Site "Moscow RUS"]
[Date "2015.02.08"]
[Round "9.96"]
[White "Dzhaumutbaev, Erzhan"]
[Black "Rakhimgaliyev, Yerlan"]
[Result "0-1"]
[BlackTitle "FM"]
[WhiteElo "2190"]
[BlackElo "2302"]
[WhiteFideId "4191110"]
[BlackFideId "13705148"]
[EventDate "2015.01.31"]

1. d4 Nf6 2. c4 g6 3. Nc3 Bg7 4. e4 d6 5. Nf3 O-O 6. Be2 e5 7. d5 Nbd7 8. O-O a5
9. Qc2 Nc5 10. Bg5 h6 11. Be3 b6 12. Nd2 Bg4 13. f3 Bd7 14. Rfe1 Nh5 15. b3 Bf6
16. a3 Bg5 17. Nf1 Bxe3+ 18. Nxe3 Qg5 19. Bf1 f5 20. exf5 gxf5 21. Rac1 a4 22.
b4 Nb3 23. Rb1 Kh8 24. Qf2 Rg8 25. Kh1 Rg7 26. Rbd1 Rag8 27. Ne2 f4 28. Nc2 Bf5
29. Ng1 Ng3+ 30. hxg3 fxg3 31. Qe2 Qh5+ 32. Nh3 Bxh3 33. gxh3 g2+ 34. Bxg2 Rxg2
35. Qxg2 Rxg2 36. Kxg2 Qg6+ 0-1

[Event "Moscow Open A 2015"]
[Site "Moscow RUS"]
[Date "2015.02.08"]
[Round "9.97"]
[White "Ofitserian, Boris"]
[Black "Vokhidov, Shamsiddin"]
[Result "1-0"]
[WhiteTitle "FM"]
[WhiteElo "2283"]
[BlackElo "2218"]
[WhiteFideId "24199443"]
[BlackFideId "14204223"]
[EventDate "2015.01.31"]

1. d4 Nf6 2. c4 e6 3. g3 d5 4. Nf3 Be7 5. Bg2 O-O 6. O-O dxc4 7. Qc2 a6 8. Qxc4
b5 9. Qc2 Bb7 10. Bd2 Be4 11. Qc1 Bb7 12. Bf4 Nd5 13. Nbd2 Nd7 14. Nb3 Nxf4 15.
Qxf4 Bd6 16. Qe3 Bd5 17. Nfd2 c6 18. Qd3 Nb6 19. Rfc1 e5 20. Bxd5 Nxd5 21. a3
Rc8 22. Rc2 Qb6 23. dxe5 Bxe5 24. Nf3 Bb8 25. Qd4 Ba7 26. Qxb6 Bxb6 27. Rac1
Rfe8 28. Rxc6 Rb8 29. Rd1 Nf6 30. e3 Ne4 31. Rd7 Rec8 32. Rb7 Bd8 33. Rxb8 Rxb8
34. Rxa6 h5 35. Nfd4 Bf6 36. f3 Ng5 37. Kf2 b4 38. a4 Ne6 39. Nxe6 fxe6 40. Nd4
Rc8 41. Rc6 Ra8 42. b3 e5 43. Nc2 Be7 44. Ke2 Rb8 45. e4 Rd8 46. Ne3 Bg5 47. Nd5
Bh6 48. Rb6 1-0

[Event "Moscow Open A 2015"]
[Site "Moscow RUS"]
[Date "2015.02.08"]
[Round "9.98"]
[White "Afanasiev, Nikita"]
[Black "Maksimov, Dmitri"]
[Result "1/2-1/2"]
[WhiteTitle "FM"]
[WhiteElo "2264"]
[BlackElo "2204"]
[WhiteFideId "24183555"]
[BlackFideId "24162477"]
[EventDate "2015.01.31"]

1. Nf3 Nf6 2. g3 d5 3. Bg2 e6 4. O-O Be7 5. d3 O-O 6. Nbd2 Nbd7 7. e4 b6 8. e5
Ne8 9. Re1 c5 10. h4 Bb7 11. c3 b5 12. a4 a6 13. Nb3 h6 14. Nh2 Qb8 15. Na5 c4
16. dxc4 bxc4 17. b4 cxb3 18. Qxb3 Nc5 19. Qb1 Qc7 20. Nxb7 Rb8 21. c4 dxc4 22.
Be3 Nb3 23. Qe4 Nxa1 24. Rxa1 c3 25. Rc1 Rc8 26. Rc2 Qd7 27. Nf3 f5 28. Qd4 Qxb7
29. Rxc3 Rxc3 30. Qxc3 Nc7 31. Nd4 Nd5 32. Qc4 Qb4 33. Bxd5 exd5 34. Qxd5+ Kh7
35. Qd7 a5 36. Kh2 f4 37. gxf4 Kh8 38. Nc6 Qxa4 39. Qxe7 Rxf4 40. Qd8+ Kh7 41.
Nd4 Re4 42. Nf3 Rf4 43. Nd4 Re4 44. Qd5 Rxh4+ 45. Kg3 Rh5 46. Qe4+ Kh8 47. Qa8+
Kh7 48. Qe4+ Kh8 49. Qa8+ Kh7 50. Qe4+ 1/2-1/2

[Event "Moscow Open A 2015"]
[Site "Moscow RUS"]
[Date "2015.02.08"]
[Round "9.99"]
[White "Goltsev, Dmitry"]
[Black "Aliyev, Rasim"]
[Result "0-1"]
[WhiteElo "2111"]
[BlackElo "2257"]
[WhiteFideId "24176710"]
[BlackFideId "13401084"]
[EventDate "2015.01.31"]

1. e4 c6 2. d3 d5 3. Nd2 dxe4 4. dxe4 Nf6 5. Ngf3 Bg4 6. h3 Bh5 7. c3 e6 8. g4
Bg6 9. Qe2 Nbd7 10. Bg2 Nc5 11. Ne5 Bd6 12. Nxg6 hxg6 13. Nc4 Bc7 14. O-O b5 15.
Rd1 Qe7 16. g5 Nfd7 17. Ne3 e5 18. Qg4 Ne6 19. Nd5 Qd8 20. Nb4 a5 21. Nxc6 Qc8
22. Bf1 Qb7 23. Rd5 Nb6 24. Bxb5 Nxd5 25. c4 Ndf4 26. Bxf4 Nxf4 27. Nxa5+ Qxb5
28. cxb5 Nxh3+ 29. Kf1 Nf4 30. Qg1 Bxa5 31. Rc1 Bb6 32. a4 Rd8 33. Ke1 Bxf2+ 34.
Kxf2 Nh3+ 35. Kf1 Nxg1 36. Kxg1 Ra8 37. a5 Kd7 38. b4 Rhc8 39. Rd1+ Kc7 40. b6+
Kc6 41. Rd5 Rd8 42. Rxe5 Kb7 43. Re7+ Ka6 44. Rxf7 Rd2 45. b7 Rb8 46. Rxg7 Rxb7
47. Rxg6+ Ka7 48. Rb6 Rxb6 49. axb6+ Kxb6 50. g6 Rd6 51. Kf2 Rxg6 0-1

[Event "Moscow Open A 2015"]
[Site "Moscow RUS"]
[Date "2015.02.08"]
[Round "9.100"]
[White "Ovchinnikov, Vsevolod"]
[Black "Bykov, Egor"]
[Result "0-1"]
[WhiteTitle "FM"]
[WhiteElo "2249"]
[BlackElo "2109"]
[WhiteFideId "24176842"]
[BlackFideId "34115290"]
[EventDate "2015.01.31"]

1. d4 d5 2. c4 c6 3. Nf3 Nf6 4. Nc3 dxc4 5. a4 Bf5 6. Ne5 Nbd7 7. Nxc4 Nb6 8.
Ne5 a5 9. g3 e6 10. Bg2 Nfd7 11. Nd3 h6 12. O-O Be7 13. e4 Bh7 14. Qb3 O-O 15.
Be3 Bd6 16. Rfd1 Bc7 17. Nc5 Rb8 18. d5 Qe7 19. Nxe6 fxe6 20. dxe6 Qb4 21. Qxb4
axb4 22. Ne2 Nf6 23. f3 Rfe8 24. Bh3 Nc4 25. Bd4 Na5 26. Bxf6 gxf6 27. Rd7 Be5
28. Rad1 Nb3 29. f4 Bxb2 30. Rb1 Nc5 31. Rc7 Bc3 32. f5 Nxe4 33. Nf4 Be5 34. Rf7
Ng5 35. Bg4 Nxf7 36. exf7+ Kxf7 37. Bh5+ Kg7 38. Bxe8 Bxf4 39. gxf4 Rxe8 40.
Rxb4 Re7 41. Kf2 Bxf5 0-1

[Event "Moscow Open A 2015"]
[Site "Moscow RUS"]
[Date "2015.02.08"]
[Round "9.101"]
[White "Danielyan, Vahe"]
[Black "Kovalev, Egor"]
[Result "0-1"]
[WhiteElo "2140"]
[BlackElo "2249"]
[WhiteFideId "13304828"]
[BlackFideId "24124117"]
[EventDate "2015.01.31"]

1. e4 c5 2. Nf3 e6 3. d4 cxd4 4. Nxd4 Nf6 5. Nc3 d6 6. g4 h6 7. Be3 Nc6 8. Rg1
a6 9. Qe2 Nxd4 10. Bxd4 e5 11. Be3 Be6 12. f4 Rc8 13. f5 Bc4 14. Qf3 Qa5 15. Kf2
b5 16. a3 b4 17. Bxc4 Rxc4 18. axb4 Qxb4 19. Rxa6 Qxb2 20. Ra8+ Kd7 21. Ra7+ Rc7
22. Rxc7+ Kxc7 23. Nd5+ Nxd5 24. exd5 Qxc2+ 25. Kg3 e4 26. Qf1 Qc3 27. Qf2 Kd7
28. Rc1 Qd3 29. Kg2 Be7 30. f6 Bxf6 31. Qf5+ Ke8 32. Qc8+ Bd8 33. Bb6 Ke7 34.
Bxd8+ Rxd8 35. Rc7+ Ke8 36. Qf5 Qf3+ 37. Qxf3 exf3+ 38. Kxf3 Rd7 39. Rc6 Ke7 40.
Rb6 Rc7 41. h4 Rc3+ 42. Kf4 Rc4+ 43. Kf3 Rd4 44. Rb5 Kf6 45. Ra5 Ke5 46. Ra7
Rf4+ 47. Kg3 g5 48. hxg5 hxg5 49. Ra8 f6 50. Ra5 Rd4 51. Ra7 Kxd5 52. Kf3 Rf4+
53. Kg3 Ke5 0-1

[Event "Moscow Open A 2015"]
[Site "Moscow RUS"]
[Date "2015.02.08"]
[Round "9.102"]
[White "Baterdene, Tsogbayar"]
[Black "Shapkin, Anatoliy"]
[Result "1/2-1/2"]
[WhiteElo "1977"]
[BlackElo "2236"]
[WhiteFideId "4901592"]
[BlackFideId "34108332"]
[EventDate "2015.01.31"]

1. e4 e5 2. Nf3 Nc6 3. Bb5 Nf6 4. d3 Bc5 5. c3 O-O 6. O-O d6 7. Nbd2 Ne7 8. Re1
Ng6 9. Nf1 c6 10. Ba4 d5 11. exd5 Nxd5 12. d4 exd4 13. Nxd4 Qc7 14. Bc2 Bd7 15.
Be3 Nxe3 16. Nxe3 Rad8 17. b4 Bd6 18. Qh5 c5 19. Nd5 Qb8 20. bxc5 Bxc5 21. Nf6+
gxf6 22. Qxc5 Qc8 23. Qb4 Rfe8 24. Rxe8+ Rxe8 25. Rd1 Qc7 26. Bf5 Qe5 27. Qb1
Ba4 28. Rf1 Bc6 29. Qd3 Kh8 30. Nxc6 bxc6 31. g3 Kg7 32. Qf3 Re7 33. h4 Qe2 34.
Qxe2 Rxe2 35. Bxg6 hxg6 36. Rd1 Rxa2 37. Rd6 c5 38. Rd5 c4 39. Rd4 Ra4 40. g4
Kf8 41. Re4 a5 42. Kg2 Kg7 43. Rd4 g5 44. h5 f5 45. f4 gxf4 46. g5 Ra2+ 47. Kg1
f3 48. h6+ Kh7 49. Rxc4 Rg2+ 50. Kf1 Rxg5 51. Ra4 Kxh6 52. Rxa5 Kh5 53. Kf2 Kg4
54. Ra4+ f4 55. Ra8 Rc5 56. Rf8 Rxc3 57. Rxf7 Rc2+ 58. Kf1 f2 59. Ra7 Kg3 60.
Ra3+ Kg4 61. Rb3 Ra2 62. Rc3 Rd2 1/2-1/2